[Event "Coria del Rio op 13th"]
[Site "Coria del Rio"]
[Date "2007.02.26"]
[Round "6"]
[White "Teran Alvarez, Ismael"]
[Black "Martin Vazquez, Jose Miguel"]
[Result "1-0"]
[WhiteElo "2417"]
[BlackElo "2167"]
[PlyCount "83"]
[EventDate "2007.02.20"]
[EventType "swiss"]
[EventRounds "9"]
[EventCountry "ESP"]
[SourceTitle "CBM 117 Extra"]
[Source "ChessBase"]
[SourceDate "2007.05.09"]
[SourceVersion "1"]
[SourceVersionDate "2007.05.09"]
[SourceQuality "1"]

1. e4 g6 2. d4 Bg7 3. Nc3 d6 4. g3 Nf6 5. Bg2 0-0 6. h3 e5 7. Nge2 Nc6 8. Be3 Nd7 9. 0-0 f5 10. dxe5 dxe5 11. exf5 gxf5 12. f4 e4 13. g4 fxg4 14. hxg4 Nf6 15. g5 Ng4 16. Bc5 Rf5 17. Qxd8+ Nxd8 18. Bd4 e3 19. Nd5 Nc6 20. Bxg7 Kxg7 21. Nxc7 Rb8 22. Ne8+ Kh8 23. Nd6 Rf8 24. Nxc8 Rbxc8 25. Bh3 h5 26. Rad1 Rcd8 27. Bxg4 hxg4 28. Kg2 Nb4 29. Kg3 Nxc2 30. Kxg4 Rd2 31. Kf3 Rfd8 32. Rxd2 exd2 33. Nc3 b5 34. Rd1 b4 35. Nb1 Ne1+ 36. Kg4 Rc8 37. Rxd2 Rc1 38. Rd8+ Kg7 39. Nd2 Rc2 40. f5 Rxb2 41. f6+ Kg6 42. Rd7 1-0

[Event "Seville op 32nd"]
[Site "Seville"]
[Date "2007.01.11"]
[Round "5"]
[White "Martin Vazquez, Jose Miguel"]
[Black "Krivoshey, Sergei"]
[Result "0-1"]
[WhiteElo "2167"]
[BlackElo "2496"]
[PlyCount "116"]
[EventDate "2007.01.07"]
[EventType "swiss"]
[EventRounds "9"]
[EventCountry "ESP"]
[SourceTitle "CBM 116 Extra"]
[Source "ChessBase"]
[SourceDate "2007.03.07"]
[SourceVersion "1"]
[SourceVersionDate "2007.03.07"]
[SourceQuality "1"]

1. d4 Nf6 2. Nf3 c5 3. c3 e6 4. e3 b6 5. Nbd2 Bb7 6. Bd3 Nc6 7. Qe2 Be7 8. 0-0 0-0 9. e4 cxd4 10. Nxd4 Ne5 11. Ba6 Bxa6 12. Qxa6 d5 13. f4 Ned7 14. Qe2 dxe4 15. Nxe4 Nxe4 16. Qxe4 Nf6 17. Qf3 Bc5 18. Be3 Nd5 19. Bf2 Qd6 20. g3 Rad8 21. Rad1 Qc7 22. Rd2 Ne7 23. Rfd1 Rd5 24. c4 Rdd8 25. b3 a6 26. Kg2 h6 27. Rd3 Rd6 28. Qe4 Rfd8 29. Nf3 Rxd3 30. Rxd3 Rxd3 31. Qxd3 f6 32. Bxc5 bxc5 33. Kf2 Qc6 34. Nd2 Qh1 35. Nf1 Nc6 36. Qf3 Qxf3+ 37. Kxf3 Nb4 38. a4 Kf7 39. Nd2 f5 40. Ke3 Nc6 41. Kd3 Kf6 42. Nf1 g5 43. fxg5+ hxg5 44. Ne3 a5 45. h3 Nd4 46. b4 axb4 47. a5 Nc6 48. a6 Ke7 49. Kc2 Kd6 50. Kb3 Kc7 51. h4 f4 52. Ng2 Nd4+ 53. Kb2 gxh4 54. gxh4 e5 55. h5 Nf5 56. Kc1 f3 57. Ne3 Nxe3 58. h6 f2 0-1

[Event "Seville op 32nd"]
[Site "Seville"]
[Date "2007.01.07"]
[Round "9"]
[White "Martin Vazquez, Jose Miguel"]
[Black "Movsziszian, Karen"]
[Result "0-1"]
[WhiteElo "2167"]
[BlackElo "2445"]
[PlyCount "136"]
[EventDate "2007.01.07"]
[EventType "swiss"]
[EventRounds "9"]
[EventCountry "ESP"]
[SourceTitle "CBM 116 Extra"]
[Source "ChessBase"]
[SourceDate "2007.03.07"]
[SourceVersion "1"]
[SourceVersionDate "2007.03.07"]
[SourceQuality "1"]

1. d4 d6 2. e4 g6 3. c3 Bg7 4. Bd3 Nf6 5. Nf3 0-0 6. 0-0 c5 7. dxc5 dxc5 8. Be3 Qc7 9. Nbd2 b6 10. Qc2 Nc6 11. a4 h6 12. Nc4 Ba6 13. h3 Nxe4 14. Nxb6 axb6 15. Bxa6 Ng3 16. fxg3 Rxa6 17. b4 Raa8 18. bxc5 bxc5 19. Bxc5 Qxg3 20. Qf2 Qxf2+ 21. Bxf2 Rfc8 22. Nd4 Na5 23. Ra3 Nc4 24. Ra2 e5 25. Nb5 f5 26. Rd1 e4 27. Bd4 Bf8 28. Kf2 Kf7 29. Ke2 g5 30. Ba7 Bc5 31. Bxc5 Rxc5 32. Nd6+ Ke6 33. Nxc4 Rxc4 34. a5 Ra6 35. Kd2 Rc5 36. Rda1 Ke5 37. Kc2 f4 38. Kb3 Rb5+ 39. Kc2 f3 40. gxf3 exf3 41. Ra4 h5 42. Rf1 Rbxa5 43. Rxa5+ Rxa5 44. Rxf3 Ke4 45. Rf8 Ra2+ 46. Kd1 Rh2 47. Rg8 Kf4 48. Rf8+ Kg3 49. Rf5 Kh4 50. c4 Rxh3 51. Kd2 Ra3 52. Rf1 g4 53. Rh1+ Kg5 54. c5 Ra2+ 55. Kd3 h4 56. c6 h3 57. c7 Ra3+ 58. Kd4 Ra8 59. Ke5 Rc8 60. Kd6 Kh4 61. Kd7 Rxc7+ 62. Kxc7 g3 63. Re1 h2 64. Re8 g2 65. Rh8+ Kg3 66. Rg8+ Kf3 67. Rf8+ Ke3 68. Re8+ Kd2 0-1

[Event "ESP-ch op"]
[Site "Seville"]
[Date "2004.08.17"]
[Round "5"]
[White "Moreno Trujillo, Alejandro"]
[Black "Martin Vazquez, Jose Miguel"]
[Result "1-0"]
[WhiteElo "2430"]
[BlackElo "2191"]
[PlyCount "117"]
[EventDate "2004.08.13"]
[EventType "swiss"]
[EventRounds "9"]
[EventCountry "ESP"]
[SourceTitle "CBM 101 Extra"]
[Source "ChessBase"]
[SourceDate "2004.09.01"]
[SourceVersion "2"]
[SourceVersionDate "2004.09.01"]
[SourceQuality "1"]

1. d4 g6 2. c4 Bg7 3. Nc3 d6 4. e4 e5 5. d5 Ne7 6. h4 h5 7. Be2 Nd7 8. Nf3 Nf6 9. Ng5 c6 10. Be3 Ng4 11. Bxg4 Bxg4 12. f3 Bc8 13. Qd2 cxd5 14. cxd5 Bd7 15. 0-0 0-0 16. a4 Nc8 17. Rfc1 a6 18. Ra3 Nb6 19. b3 Rc8 20. Ra2 Na8 21. a5 Qe7 22. Rac2 Bh6 23. Kh2 Rfd8 24. g3 f6 25. Ne6 Bxe3 26. Qxe3 Bxe6 27. dxe6 Qxe6 28. Qh6 Qf7 29. Nd5 Rxc2+ 30. Rxc2 Qg7 31. Qe3 Qf7 32. g4 Kg7 33. gxh5 gxh5 34. f4 Rf8 35. Rg2+ Kh7 36. f5 Rg8 37. Rxg8 Kxg8 38. Qh6 Qg7 39. Nxf6+ Kf7 40. Qxg7+ Kxg7 41. Ne8+ Kf8 42. Nxd6 b5 43. Nc8 Nc7 44. Nb6 Ne8 45. Kg3 Ke7 46. Nd5+ Kd7 47. Kf3 Kd6 48. Ke3 Kd7 49. Kd3 Kd6 50. Kc3 Kd7 51. Kb4 Nd6 52. Nf6+ Ke7 53. Kc5 Nb7+ 54. Kb6 Nd6 55. Kc6 Nf7 56. Nxh5 Nd6 57. Nf6 Nf7 58. Nd5+ Kf8 59. Nc7 1-0

[Event "Seville op 28th"]
[Site "Seville"]
[Date "2003.01.12"]
[Round "3"]
[White "Matamoros Franco, Carlos S"]
[Black "Martin Vazquez, Jose Miguel"]
[Result "1-0"]
[WhiteElo "2460"]
[BlackElo "2218"]
[PlyCount "65"]
[EventDate "2003.01.10"]
[EventType "swiss"]
[EventRounds "9"]
[EventCountry "ESP"]
[SourceTitle "CBM 092 Extra"]
[Source "ChessBase"]
[SourceDate "2003.03.07"]
[SourceVersion "1"]
[SourceVersionDate "2003.03.07"]
[SourceQuality "1"]

1. c4 c6 2. e4 d5 3. exd5 cxd5 4. cxd5 Qxd5 5. Nc3 Qd8 6. d4 e6 7. Nf3 Nf6 8. Bc4 Be7 9. 0-0 0-0 10. Re1 Nbd7 11. Bb3 Nb6 12. Ne5 Nbd5 13. Qf3 Qd6 14. Bg5 Nxc3 15. bxc3 Nd5 16. Bd2 a5 17. Rab1 Ra7 18. c4 Nb4 19. Bf4 Qd8 20. a3 f6 21. Qg4 fxe5 22. Bxe5 Rf7 23. axb4 Bxb4 24. Re3 b6 25. Bc2 Bd6 26. Rh3 Bxe5 27. Bxh7+ Kf8 28. dxe5 Qd2 29. Qg3 Rad7 30. Rf1 Qf4 31. Bg6 Ba6 32. Rh8+ Ke7 33. Qa3+ 1-0

[Event "ESP-ch op"]
[Site "Ayamonte"]
[Date "2002.10.12"]
[Round "9"]
[White "Martin Vazquez, Jose Miguel"]
[Black "Redondo Arguelles, Graciela"]
[Result "1/2-1/2"]
[WhiteElo "2218"]
[BlackElo "2083"]
[PlyCount "85"]
[EventDate "2002.10.04"]
[EventType "swiss"]
[EventRounds "9"]
[EventCountry "ESP"]
[SourceTitle "EXT 2005"]
[Source "ChessBase"]
[SourceDate "2004.11.15"]
[SourceVersion "1"]
[SourceVersionDate "2004.11.15"]
[SourceQuality "1"]

1. d4 e6 2. c4 Nf6 3. Nc3 d5 4. cxd5 exd5 5. Bg5 Be7 6. e3 0-0 7. Bd3 b6 8. Nge2 Bb7 9. 0-0 c5 10. Ng3 Ne4 11. Bxe7 Qxe7 12. Qc2 Nxg3 13. hxg3 cxd4 14. exd4 g6 15. Rfe1 Qf6 16. Rad1 Rd8 17. Qb3 Kg7 18. Be2 Nc6 19. Nxd5 Qd6 20. Ne3 Nxd4 21. Qd3 Qe5 22. Qb1 Rac8 23. Bf1 Qa5 24. b3 Qb4 25. Rc1 Ne6 26. Red1 Rxc1 27. Qxc1 Rxd1 28. Qxd1 Qd4 29. Bc4 Qxd1+ 30. Nxd1 Kf6 31. Kf1 Ke5 32. f3 f6 33. Ke2 Nd4+ 34. Kd3 Nf5 35. f4+ Kd6 36. g4 Ne7 37. Ne3 Bc6 38. b4 Nd5 39. Bxd5 Bxd5 40. a3 Bf7 41. Kd4 Bg8 42. g3 h6 43. Ng2 1/2-1/2

[Event "ESP-ch op"]
[Site "Ayamonte"]
[Date "2002.10.08"]
[Round "5"]
[White "Mascaro March, Pedro"]
[Black "Martin Vazquez, Jose Miguel"]
[Result "1-0"]
[WhiteElo "2320"]
[BlackElo "2218"]
[PlyCount "115"]
[EventDate "2002.10.04"]
[EventType "swiss"]
[EventRounds "9"]
[EventCountry "ESP"]
[SourceTitle "EXT 2005"]
[Source "ChessBase"]
[SourceDate "2004.11.15"]
[SourceVersion "1"]
[SourceVersionDate "2004.11.15"]
[SourceQuality "1"]

1. d4 d5 2. c4 c6 3. Nf3 Nf6 4. Nc3 dxc4 5. a4 Bf5 6. Ne5 e6 7. f3 Bb4 8. e4 Bxe4 9. fxe4 Nxe4 10. Bd2 Qxd4 11. Nxe4 Qxe4+ 12. Qe2 Bxd2+ 13. Kxd2 Qd5+ 14. Kc2 0-0 15. Nxc4 Na6 16. Qe5 Rac8 17. Be2 Rfd8 18. Rad1 Nb4+ 19. Kb3 Qxe5 20. Nxe5 Rxd1 21. Rxd1 Nd5 22. Bh5 Rc7 23. a5 g6 24. Bf3 f6 25. Nd3 Kf7 26. Nc5 Ke7 27. Re1 Kd6 28. Kc4 Re7 29. Rd1 b5+ 30. axb6 axb6 31. Ne4+ Kc7 32. Rd2 Ne3+ 33. Kb3 Nd5 34. Rd1 Rd7 35. Nf2 Rf7 36. g3 Rd7 37. Ra1 Kb7 38. Ng4 Rf7 39. Rf1 f5 40. Ne5 Rc7 41. Rc1 b5 42. Nd3 Kb6 43. Re1 Re7 44. Bxd5 cxd5 45. Kb4 Kc6 46. Ra1 d4 47. Ne5+ Kd5 48. Re1 g5 49. b3 f4 50. gxf4 gxf4 51. Kxb5 Re8 52. Nd7 d3 53. Nf6+ Kd4 54. Nxe8 e5 55. Nd6 d2 56. Rh1 f3 57. Nc4 Kc3 58. Nxe5 1-0

[Event "ESP-ch op"]
[Site "Ayamonte"]
[Date "2002.10.06"]
[Round "3"]
[White "Martin Vazquez, Jose Miguel"]
[Black "Garza Marco, Sergio"]
[Result "0-1"]
[WhiteElo "2218"]
[BlackElo "2413"]
[PlyCount "66"]
[EventDate "2002.10.04"]
[EventType "swiss"]
[EventRounds "9"]
[EventCountry "ESP"]
[SourceTitle "EXT 2005"]
[Source "ChessBase"]
[SourceDate "2004.11.15"]
[SourceVersion "1"]
[SourceVersionDate "2004.11.15"]
[SourceQuality "1"]

1. d4 d5 2. c4 Nc6 3. cxd5 Qxd5 4. Nf3 e5 5. Nc3 Bb4 6. Bd2 Bxc3 7. Bxc3 e4 8. Ne5 Nge7 9. e3 Nxe5 10. dxe5 Qxd1+ 11. Rxd1 Be6 12. b3 Nd5 13. Bd2 0-0-0 14. Be2 Rd7 15. 0-0 Rhd8 16. f4 Nxf4 17. Rxf4 Rxd2 18. Rxd2 Rxd2 19. Bg4 Rxa2 20. Bxe6+ fxe6 21. Rf8+ Kd7 22. Rf7+ Kc6 23. Rxg7 a5 24. Rxh7 b5 25. Rh8 b4 26. h4 Kb7 27. Rd8 a4 28. Rd1 axb3 29. Rb1 b2 30. Kh2 c5 31. h5 c4 32. h6 c3 33. h7 Ra8 0-1

[Event "ESP-ch op"]
[Site "Ayamonte"]
[Date "2002.10.05"]
[Round "2"]
[White "Garcia Luque, Agustin"]
[Black "Martin Vazquez, Jose Miguel"]
[Result "1/2-1/2"]
[WhiteElo "2400"]
[BlackElo "2218"]
[PlyCount "126"]
[EventDate "2002.10.04"]
[EventType "swiss"]
[EventRounds "9"]
[EventCountry "ESP"]
[SourceTitle "EXT 2005"]
[Source "ChessBase"]
[SourceDate "2004.11.15"]
[SourceVersion "1"]
[SourceVersionDate "2004.11.15"]
[SourceQuality "1"]

1. Nf3 Nf6 2. g3 d5 3. Bg2 Nbd7 4. 0-0 e5 5. d3 Bd6 6. Nbd2 0-0 7. e4 c6 8. c3 Nc5 9. Qc2 Re8 10. b4 Ne6 11. a3 a5 12. Bb2 Qc7 13. Rfe1 Bd7 14. Rac1 Rac8 15. c4 axb4 16. axb4 dxe4 17. Nxe4 Nxe4 18. Rxe4 Bxb4 19. Bxe5 Bd6 20. Bxd6 Qxd6 21. c5 Qc7 22. Rb1 Rcd8 23. h4 Bc8 24. Rbe1 Bd7 25. Ne5 Nf8 26. Nc4 Rxe4 27. Bxe4 Be6 28. Nb6 f5 29. Bf3 f4 30. Kg2 Bf5 31. Qc4+ Qf7 32. Qxf4 Bxd3 33. Qg5 Re8 34. Rxe8 Qxe8 35. Qf4 Qf7 36. Qe3 Bf5 37. Be2 Be6 38. Qd4 Qf5 39. Qe3 Bd5+ 40. Nxd5 Qxd5+ 41. Bf3 Qe6 42. Qd4 Qe7 43. Bg4 Kf7 44. f4 Ne6 45. Qc4 Kf6 46. Qe4 g6 47. Qe5+ Kf7 48. Qh8 h5 49. Bxe6+ Qxe6 50. Qc3 Qe2+ 51. Kg1 Ke6 52. Qb3+ Kf6 53. Qxb7 Qe3+ 54. Kg2 Qxc5 55. Qb2+ Ke6 56. Kf3 Qd5+ 57. Ke3 c5 58. Qb6+ Qd6 59. Qb2 c4 60. Qc3 Qd5 61. Qc2 Kf6 62. Qc3+ Kf5 63. Qc2+ Qd3+ 1/2-1/2

[Event "Dos Hermanas op 3rd"]
[Site "Dos Hermanas"]
[Date "2002.04.11"]
[Round "7"]
[White "Stefanova, Antoaneta"]
[Black "Martin Vazquez, Jose Miguel"]
[Result "1-0"]
[WhiteElo "2451"]
[BlackElo "2194"]
[PlyCount "57"]
[EventDate "2002.04.05"]
[EventType "swiss"]
[EventRounds "9"]
[EventCountry "ESP"]
[SourceTitle "CBM 087 Extra"]
[Source "ChessBase"]
[SourceDate "2002.05.03"]
[SourceVersion "2"]
[SourceVersionDate "2002.08.09"]
[SourceQuality "1"]

1. d4 d5 2. Nf3 Nf6 3. Bg5 Ne4 4. Bh4 c6 5. e3 Bg4 6. c3 Qb6 7. Qb3 Nd7 8. Bd3 e6 9. Bxe4 Qxb3 10. axb3 dxe4 11. Nfd2 f5 12. Nc4 b6 13. Nbd2 c5 14. f3 exf3 15. gxf3 Bh5 16. Kf2 Be7 17. Bxe7 Kxe7 18. Ra6 Nb8 19. Ra2 Nc6 20. Rha1 Rad8 21. dxc5 bxc5 22. Ra6 Be8 23. f4 Rb8 24. Ne5 Rb6 25. Nxc6+ Bxc6 26. Rxa7+ Bb7 27. b4 cxb4 28. Nc4 Rb5 29. R1a5 1-0

[Event "Coria del Rio op 8th"]
[Site "Coria del Rio"]
[Date "2002.02.18"]
[Round "6"]
[White "Martin Vazquez, Jose Miguel"]
[Black "Garrido, Jesus"]
[Result "0-1"]
[WhiteElo "2194"]
[BlackElo "2141"]
[PlyCount "92"]
[EventDate "2002.02.13"]
[EventType "swiss"]
[EventRounds "9"]
[EventCountry "ESP"]
[SourceTitle "CBM 086 Extra"]
[Source "ChessBase"]
[SourceDate "2002.03.14"]
[SourceVersion "1"]
[SourceVersionDate "2002.03.14"]
[SourceQuality "1"]

1. d4 f5 2. Bg5 g6 3. Nc3 Bg7 4. e4 fxe4 5. Nxe4 Nf6 6. Bd3 d5 7. Ng3 0-0 8. h3 c5 9. dxc5 Qa5+ 10. Qd2 Qxc5 11. Be3 Qd6 12. Nf3 Nc6 13. c4 d4 14. Bf4 e5 15. Bg5 e4 16. Bxf6 exf3 17. Bxg7 fxg2 18. Bxf8 gxh1Q+ 19. Nxh1 Qe5+ 20. Qe2 Kxf8 21. Qxe5 Nxe5 22. Bf1 Nf3+ 23. Ke2 Ng1+ 24. Kd3 Nxh3 25. Kxd4 Bf5 26. Kc3 h5 27. Ng3 Nxf2 28. Nxf5 gxf5 29. Bg2 Rd8 30. Rf1 Nd1+ 31. Kb4 Ne3 32. Rf2 Nxg2 33. Rxg2 Kf7 34. Rg5 Kf6 35. Rxh5 Kg6 36. Rh2 Rd7 37. Ka5 f4 38. b4 Rc7 39. c5 Kg5 40. Rc2 f3 41. Kb5 Kg4 42. Kc4 Kg3 43. Kd5 f2 44. Rxf2 Kxf2 45. b5 Rd7+ 46. Ke6 Rd2 0-1

[Event "Seville-ch"]
[Site "Seville"]
[Date "2001.??.??"]
[Round "6"]
[White "Martin Perez, Javier"]
[Black "Martin Vazquez, Jose Miguel"]
[Result "0-1"]
[WhiteElo "2177"]
[BlackElo "2193"]
[PlyCount "78"]
[EventDate "2001.??.??"]
[EventType "swiss"]
[EventRounds "9"]
[EventCountry "ESP"]
[SourceTitle "EXT 2002"]
[Source "ChessBase"]
[SourceDate "2001.11.25"]
[SourceVersion "1"]
[SourceVersionDate "2001.11.25"]
[SourceQuality "1"]

1. e4 c5 2. Nf3 d6 3. d4 cxd4 4. Nxd4 Nf6 5. Nc3 e6 6. Be2 Nc6 7. 0-0 Be7 8. Be3 0-0 9. Kh1 a6 10. f4 Qc7 11. a4 Re8 12. Bf3 Na5 13. g4 Nc4 14. Bc1 Nd7 15. Bg2 b6 16. g5 Bf8 17. Rf3 Bb7 18. Rh3 g6 19. Qe1 Bg7 20. Nce2 e5 21. Nb3 exf4 22. Nc3 Nf8 23. Rd3 Ne5 24. Bxf4 Nxd3 25. cxd3 Ne6 26. Be3 Nc5 27. Nxc5 bxc5 28. Qh4 Qb6 29. Qf2 Qb3 30. Rf1 Rab8 31. Bf3 Bc6 32. Bd1 Qxb2 33. Qxf7+ Kh8 34. Qc7 Rf8 35. Rxf8+ Rxf8 36. Qxc6 Qxc3 37. Bg1 Qe1 38. e5 Bxe5 39. Bb3 Bd4 0-1

[Event "Andalucia-ch"]
[Site "Rincon de la Victoria"]
[Date "1995.??.??"]
[Round "3"]
[White "Manrique Alamos, Antonio"]
[Black "Martin Vazquez, Jose Miguel"]
[Result "1-0"]
[WhiteElo "2200"]
[BlackElo "2190"]
[PlyCount "61"]
[EventDate "1995.??.??"]
[EventType "swiss"]
[EventRounds "7"]
[EventCountry "ESP"]
[SourceTitle "EXT 2000"]
[Source "ChessBase"]
[SourceDate "1999.11.16"]
[SourceVersion "1"]
[SourceVersionDate "1999.11.16"]
[SourceQuality "1"]

1. e4 d6 2. d4 Nf6 3. Nc3 g6 4. f4 Bg7 5. Nf3 0-0 6. Bd3 Nc6 7. 0-0 Bg4 8. e5 dxe5 9. dxe5 Nd5 10. h3 Nxc3 11. bxc3 Bc8 12. Qe1 f6 13. Qh4 Na5 14. Ba3 b6 15. Rad1 Qe8 16. f5 gxf5 17. Nd4 e6 18. Bxf8 Qxf8 19. exf6 Bxf6 20. Qg3+ Qg7 21. Qxg7+ Kxg7 22. Rde1 Kf7 23. g4 c5 24. Nb5 Bd7 25. Nd6+ Kg8 26. gxf5 Bxc3 27. Re2 exf5 28. Nxf5 Bxf5 29. Rxf5 Nc6 30. Rg2+ Kh8 31. Rf7 1-0

[Event "ESP-chTa"]
[Site "Spain"]
[Date "1995.??.??"]
[Round "1"]
[White "Martin Vazquez, Jose Miguel"]
[Black "Magem Badals, Jordi"]
[Result "0-1"]
[WhiteElo "2145"]
[BlackElo "2560"]
[PlyCount "80"]
[EventDate "1995.??.??"]
[EventType "team-tourn"]
[EventRounds "9"]
[EventCountry "ESP"]
[SourceTitle "EXT 2000"]
[Source "ChessBase"]
[SourceDate "1999.11.16"]
[SourceVersion "1"]
[SourceVersionDate "1999.11.16"]
[SourceQuality "1"]

1. d4 Nf6 2. c4 c5 3. d5 b5 4. cxb5 a6 5. bxa6 g6 6. Nc3 Bxa6 7. e4 Bxf1 8. Kxf1 d6 9. g3 Bg7 10. Kg2 0-0 11. Nf3 Nbd7 12. h3 Ra6 13. Qe2 Qa8 14. Rb1 e6 15. dxe6 fxe6 16. Re1 d5 17. a3 d4 18. Na2 Ne8 19. Bg5 h6 20. Bd2 Nd6 21. Rbd1 e5 22. Nh2 Rb6 23. Bc1 Qe8 24. b4 c4 25. Nf1 Qf7 26. Nh2 c3 27. f3 Rc8 28. Qc2 h5 29. h4 Qc4 30. Rd3 Ra8 31. Red1 Rc6 32. Nxc3 Nb5 33. Bb2 Nxc3 34. Bxc3 Rxa3 35. b5 Rxc3 36. Rxc3 Qxc3 37. Qa2+ Qc4 38. Qa8+ Rc8 39. Qa6 Qe2+ 40. Kh3 Rc2 0-1

[Event "Vilanova op"]
[Site "Vilanova"]
[Date "1993.??.??"]
[Round "6"]
[White "Juarez, Alberto"]
[Black "Martin Vazquez, Jose Miguel"]
[Result "0-1"]
[WhiteElo "2260"]
[BlackElo "2085"]
[PlyCount "50"]
[EventDate "1993.??.??"]
[EventType "swiss"]
[EventRounds "9"]
[EventCountry "ESP"]
[SourceTitle "EXT 1997"]
[Source "ChessBase"]
[SourceDate "1996.11.15"]
[SourceVersion "1"]
[SourceVersionDate "1996.11.15"]
[SourceQuality "1"]

1. e4 c5 2. Nf3 d6 3. d4 cxd4 4. Nxd4 Nf6 5. Nc3 a6 6. Be2 e5 7. Nb3 Be7 8. 0-0 0-0 9. Bg5 Nbd7 10. a4 Qc7 11. Bd3 b6 12. Qf3 Bb7 13. Be3 Rfe8 14. Qg3 Nf8 15. f4 exf4 16. Qxf4 Ng6 17. Qf2 Bd8 18. h3 Nxe4 19. Nxe4 Bxe4 20. Bxe4 Rxe4 21. Qf3 d5 22. Nd2 Nh4 23. Qf2 Re6 24. Rae1 Bf6 25. Bxb6 Qxb6 0-1